000 00242nam a2200097Ia 4500
100 _aScott Olson
250 _a2012 Ed.
942 _cBK
245 _aProfessional Cross- Platfoom Mobile Development in C#
260 _aWiley India Ltd. New Delhi
999 _c422224
_d422224